000 00578nam a2200205Ia 4500
005 20250326144926.0
008 250326s9999 xx 000 0 und d
020 _a0-07-058738-8
037 _aTextbook
040 _aFMSL
_beng
_cFMSL
041 _aeng
_2eng
084 _aX:8C P4
_qFMSL
100 _aWilliams J R
_913412
245 0 _aFicial and managerial accounting
_cWilliams J R; Hake S F And Others
250 _a12
260 _aNew Delhi
_bNew Delhi, Tata McGraw- Hill
_c2002
300 _a1135p
942 _cTB
_hX:8C P4
999 _c1305649
_d1305649